[Event "Andorra op 37th"]
[Site "Escaldes"]
[Date "2019.07.27"]
[Round "1"]
[White "Cherki, Thomas"]
[Black "Asis Gargatagli, Hipolito"]
[Result "0-1"]
[WhiteElo "1988"]
[BlackElo "2506"]
[PlyCount "64"]
[EventDate "2019.07.27"]
[EventType "swiss"]
[EventRounds "9"]
[EventCountry "AND"]
[SourceTitle "CBM 191 Extra"]
[Source "ChessBase"]
[SourceDate "2019.09.30"]
[SourceVersion "1"]
[SourceVersionDate "2019.09.30"]
[SourceQuality "1"]

1. e4 e5 2. Nf3 Nc6 3. d4 exd4 4. Nxd4 Qf6 5. Be3 Bc5 6. c3 Nge7 7. g3 h5 8. f4 d6 9. Bg2 Bg4 10. Qd3 0-0-0 11. Nd2 Bb6 12. N2f3 Ne5 13. Qf1 Nxf3+ 14. Bxf3 c5 15. Nc2 d5 16. e5 Qe6 17. Bxg4 hxg4 18. Qf2 Qc6 19. 0-0 Nf5 20. Rad1 Rh3 21. Qe2 Qg6 22. Rf2 Kb8 23. Qd3 Qh5 24. Rg2 d4 25. cxd4 cxd4 26. Bc1 Nh4 27. Rf2 Nf3+ 28. Kf1 Rxh2 29. f5 Qh3+ 30. Ke2 Rxf2+ 31. Kxf2 Qh2+ 32. Kf1 Qg1+ 0-1

[Event "Vaujany op-A 8th"]
[Site "Vaujany"]
[Date "2017.07.15"]
[Round "3"]
[White "Olivier, Jean Christophe"]
[Black "Cherki, Thomas"]
[Result "1-0"]
[WhiteElo "2353"]
[BlackElo "2030"]
[PlyCount "49"]
[EventDate "2017.07.13"]
[EventType "swiss"]
[EventRounds "9"]
[EventCountry "FRA"]
[SourceTitle "EXT 2018"]
[Source "ChessBase"]
[SourceDate "2017.10.13"]
[SourceVersion "1"]
[SourceVersionDate "2017.10.13"]
[SourceQuality "1"]

1. e4 Nf6 2. e5 Nd5 3. d4 d6 4. Nf3 Bg4 5. Be2 e6 6. 0-0 Be7 7. c4 Nb6 8. Nc3 0-0 9. Be3 Nc6 10. exd6 cxd6 11. d5 Bxf3 12. Bxf3 Ne5 13. dxe6 fxe6 14. Bg4 Rf6 15. b3 Nxg4 16. Qxg4 Rg6 17. Qh3 Nd7 18. Rad1 Qa5 19. Nb5 d5 20. a4 a6 21. Nd4 Nc5 22. cxd5 exd5 23. Nf5 Qc7 24. Rxd5 Ne4 25. Rd7 1-0

[Event "FRA-chT2 South 0809"]
[Site "France"]
[Date "2008.12.14"]
[Round "4.6"]
[White "Cherki, Thomas"]
[Black "Valentin, Dominique"]
[Result "0-1"]
[WhiteElo "2180"]
[BlackElo "1957"]
[PlyCount "116"]
[EventDate "2008.10.12"]
[EventType "team-tourn"]
[EventRounds "11"]
[EventCountry "FRA"]
[SourceTitle "EXT 2010"]
[Source "ChessBase"]
[SourceDate "2010.11.25"]
[SourceVersion "1"]
[SourceVersionDate "2010.11.25"]
[SourceQuality "1"]
[WhiteTeam "Vitrolles"]
[BlackTeam "Avignon"]
[WhiteTeamCountry "FRA"]
[BlackTeamCountry "FRA"]

1. e4 c5 2. Nc3 a6 3. a4 Nc6 4. f4 e6 5. Bc4 Nge7 6. d3 d5 7. Ba2 g6 8. Nf3 Bg7 9. 0-0 0-0 10. Qe1 b5 11. Qh4 Nd4 12. Nxd4 Bxd4+ 13. Kh1 b4 14. Ne2 Nc6 15. Qxd8 Rxd8 16. c3 Bg7 17. Be3 d4 18. cxd4 Nxd4 19. Nxd4 Bxd4 20. Bxd4 Rxd4 21. Bc4 a5 22. Rac1 Ba6 23. Bxa6 Rxa6 24. Rxc5 Rxd3 25. Kg1 Rd4 26. e5 b3 27. Rb5 Rxa4 28. Rxb3 Ra7 29. g3 Kf8 30. Rc1 Rb4 31. Rxb4 axb4 32. Rc4 Rb7 33. Kf2 Ke7 34. Ke3 h5 35. Kd3 f6 36. Kc2 fxe5 37. fxe5 Rb5 38. Re4 Kd7 39. Kb3 Kc6 40. Ka4 Rb6 41. Rxb4 Ra6+ 42. Kb3 Kd5 43. Rb5+ Kd4 44. Kc2 Ra1 45. b4 Ra2+ 46. Kb3 Rxh2 47. Rc5 Rh1 48. Rc4+ Kxe5 49. b5 Rb1+ 50. Ka4 Ra1+ 51. Kb4 Kd6 52. b6 g5 53. Kb5 Rb1+ 54. Ka6 h4 55. gxh4 gxh4 56. Rxh4 Kc5 57. Rh5+ Kc6 58. b7 Rxb7 0-1

[Event "FRA-chT2 South 0708"]
[Site "France"]
[Date "2008.02.10"]
[Round "7.6"]
[White "Cherki, Thomas"]
[Black "Bassolet, Gabin"]
[Result "0-1"]
[WhiteElo "2227"]
[BlackElo "1954"]
[PlyCount "80"]
[EventDate "2007.10.21"]
[EventType "team"]
[EventRounds "11"]
[EventCountry "FRA"]
[SourceTitle "EXT 2009"]
[Source "ChessBase"]
[SourceDate "2008.11.26"]
[SourceVersion "1"]
[SourceVersionDate "2008.11.26"]
[SourceQuality "1"]
[WhiteTeam "Vitrolles"]
[BlackTeam "Montpellier Diagonale"]
[WhiteTeamCountry "FRA"]
[BlackTeamCountry "FRA"]

1. e4 c5 2. Nc3 Nc6 3. f4 e6 4. Nf3 a6 5. a4 d5 6. d3 g6 7. g3 Bg7 8. Bg2 Nge7 9. 0-0 h5 10. Ne2 Rb8 11. c3 0-0 12. Be3 b6 13. h3 Bh6 14. Qe1 e5 15. Qf2 d4 16. cxd4 exd4 17. Bd2 f5 18. Nh2 a5 19. g4 hxg4 20. Qh4 Bg7 21. hxg4 Bf6 22. Qg3 Kf7 23. Kf2 Rh8 24. g5 Bg7 25. Rh1 fxe4 26. Bxe4 Bf5 27. Qf3 Qd7 28. Ng3 Rh3 29. Qg2 Bxe4 30. Qxe4 Re8 31. Rae1 Rxg3 32. Nf1 Rh3 33. Rxh3 Qxh3 34. Ng3 Qh2+ 35. Kf3 Qxd2 36. Re2 Qd1 37. f5 Ne5+ 38. Kg2 Nxf5 39. Nxf5 gxf5 40. Qxf5+ Kg8 0-1

[Event "Marche Estate op"]
[Site "Marche Estate"]
[Date "2004.??.??"]
[Round "?"]
[White "Guglielmi, Riccardo"]
[Black "Cherki, Thomas"]
[Result "0-1"]
[WhiteElo "1980"]
[BlackElo "2162"]
[PlyCount "72"]
[EventDate "2004.07.19"]
[EventType "swiss"]
[EventRounds "6"]
[EventCountry "ITA"]
[SourceTitle "EXT 2005"]
[Source "ChessBase"]
[SourceDate "2004.11.15"]
[SourceVersion "1"]
[SourceVersionDate "2004.11.15"]
[SourceQuality "1"]

1. d4 Nf6 2. Nf3 e6 3. c4 Bb4+ 4. Nc3 h6 5. e3 0-0 6. Qc2 d6 7. Bd3 Nc6 8. 0-0 Bxc3 9. bxc3 e5 10. Nh4 Re8 11. f3 Qe7 12. Bd2 e4 13. fxe4 Nxe4 14. Be1 Na5 15. Rf4 Nf6 16. Bf2 Bd7 17. Rf1 d5 18. cxd5 Nxd5 19. Re4 Qa3 20. Be1 Rxe4 21. Bxe4 Nxe3 22. Bh7+ Kh8 23. Qf2 Nxf1 24. Bd3 Qe7 25. Kxf1 Be6 26. Kg1 Nc4 27. g4 Re8 28. Ng2 Nd6 29. h3 Bc4 30. Bb1 Bd5 31. Bd2 Ne4 32. Bxe4 Qxe4 33. Bf4 c6 34. a3 Qf3 35. Bd6 Qxh3 36. g5 Re1+ 0-1

[Event "FRA-chT4 0001"]
[Site "Bretagne"]
[Date "2000.11.19"]
[Round "2"]
[White "Hortas, Igor"]
[Black "Cherki, Thomas"]
[Result "1/2-1/2"]
[WhiteElo "2054"]
[BlackElo "2050"]
[PlyCount "64"]
[EventDate "2000.10.??"]
[EventType "team"]
[EventRounds "7"]
[EventCountry "FRA"]
[SourceTitle "EXT 2005"]
[Source "ChessBase"]
[SourceDate "2004.11.15"]
[SourceVersion "1"]
[SourceVersionDate "2004.11.15"]
[SourceQuality "1"]

1. Nc3 Nf6 2. e4 d6 3. d4 g6 4. f3 Bg7 5. Be3 Nbd7 6. Qd2 c6 7. a4 Qa5 8. Rb1 a6 9. b4 Qc7 10. g4 b5 11. h4 h5 12. g5 Ng8 13. a5 Bb7 14. Nd1 c5 15. c3 e6 16. Bd3 Ne7 17. Qh2 Rc8 18. Ne2 Nc6 19. 0-0 cxb4 20. cxb4 0-0 21. Nf2 d5 22. Qxc7 Rxc7 23. f4 Ne7 24. e5 Rfc8 25. Rfc1 Rxc1+ 26. Bxc1 Nb8 27. Nd1 Nbc6 28. Ne3 Kf8 29. Bd2 Ke8 30. Kf2 Kd7 31. Nf1 Bf8 32. Nfg3 Rc7 1/2-1/2

[Event "FRA-chT3 01"]
[Site "France"]
[Date "2000.10.15"]
[Round "1"]
[White "Hochart, Jean Luc"]
[Black "Cherki, Thomas"]
[Result "0-1"]
[WhiteElo "1930"]
[BlackElo "2050"]
[PlyCount "90"]
[EventDate "2001.??.??"]
[EventType "team"]
[EventRounds "9"]
[EventCountry "FRA"]
[SourceTitle "EXT 2002"]
[Source "ChessBase"]
[SourceDate "2001.11.25"]
[SourceVersion "1"]
[SourceVersionDate "2001.11.25"]
[SourceQuality "1"]
[WhiteTeam "Guingamp"]
[BlackTeam "Equeurdreville"]
[WhiteTeamCountry "FRA"]
[BlackTeamCountry "FRA"]

1. e4 Nf6 2. e5 Nd5 3. d4 d6 4. c4 Nb6 5. exd6 cxd6 6. Bd3 Nc6 7. Ne2 Bg4 8. f3 Bh5 9. Nbc3 e6 10. b3 Nxd4 11. 0-0 Nxe2+ 12. Qxe2 Be7 13. Be4 Qd7 14. Rd1 0-0 15. Ba3 Bg6 16. Bxg6 hxg6 17. Nb5 d5 18. c5 Nc8 19. Rac1 a6 20. Nd4 Na7 21. Rc2 Nc6 22. Nxc6 Qxc6 23. b4 Qa4 24. Qd3 Rfc8 25. Qb3 Qxb3 26. axb3 Rc6 27. Kf1 Rac8 28. Ke2 Kf8 29. g3 Ke8 30. Kd3 Kd7 31. f4 b6 32. Rdc1 bxc5 33. bxc5 Rb8 34. b4 Rb5 35. Rc3 a5 36. bxa5 Rxa5 37. Bb4 Rb5 38. Ba3 Bf6 39. R3c2 Rb3+ 40. Rc3 Rxc3+ 41. Rxc3 Bxc3 42. Kxc3 Ra6 43. Kb4 Kc6 44. Bb2 Ra2 45. Kb3 Rxb2+ 0-1

[Event "Provence-ch Principal 9596"]
[Site "France"]
[Date "1995.??.??"]
[Round "1"]
[White "Cherki, Thomas"]
[Black "Anton, Jose"]
[Result "1-0"]
[WhiteElo "2080"]
[BlackElo "1850"]
[PlyCount "75"]
[EventDate "1995.??.??"]
[EventType "tourn"]
[EventRounds "9"]
[EventCountry "FRA"]
[SourceTitle "EXT 2005"]
[Source "ChessBase"]
[SourceDate "2004.11.15"]
[SourceVersion "1"]
[SourceVersionDate "2004.11.15"]
[SourceQuality "1"]

1. e4 e5 2. Nf3 Nc6 3. d4 exd4 4. Nxd4 Qh4 5. Nb5 Bc5 6. Qe2 Nd4 7. Nxd4 Bxd4 8. g3 Qe7 9. c3 Bb6 10. a4 a5 11. Bg2 d6 12. Na3 Nf6 13. Be3 Bxe3 14. Qxe3 0-0 15. 0-0 Ng4 16. Qd2 Be6 17. h3 Ne5 18. f4 Nc4 19. Nxc4 Bxc4 20. Rf2 b6 21. e5 Rad8 22. Qd4 Bb3 23. Re1 dxe5 24. Rxe5 Qd6 25. Qe4 Qd1+ 26. Kh2 Rd2 27. Rxd2 Qxd2 28. Qe2 Qxe2 29. Rxe2 Bxa4 30. Re7 c5 31. Rb7 Bb3 32. Rxb6 a4 33. Rc6 c4 34. Bd5 Rd8 35. Bxc4 g6 36. Bxb3 axb3 37. Rb6 Rd2+ 38. Kg1 1-0

[Event "Provence-ch Principal 9596"]
[Site "France"]
[Date "1995.??.??"]
[Round "8"]
[White "Cherki, Thomas"]
[Black "Maruejols, Claude"]
[Result "1-0"]
[WhiteElo "2080"]
[BlackElo "1950"]
[PlyCount "73"]
[EventDate "1995.??.??"]
[EventType "tourn"]
[EventRounds "9"]
[EventCountry "FRA"]
[SourceTitle "EXT 2005"]
[Source "ChessBase"]
[SourceDate "2004.11.15"]
[SourceVersion "1"]
[SourceVersionDate "2004.11.15"]
[SourceQuality "1"]

1. e4 c5 2. Nc3 d6 3. f4 e6 4. Nf3 Nc6 5. Bc4 g6 6. 0-0 Bg7 7. d3 Nge7 8. Qe1 0-0 9. Kh1 Na5 10. Bb3 Nxb3 11. axb3 b6 12. Bd2 Bb7 13. Nd1 Nc6 14. Bc3 Nd4 15. Qf2 e5 16. fxe5 dxe5 17. Ne3 f5 18. exf5 gxf5 19. Bxd4 cxd4 20. Nc4 Qd5 21. Qg3 Kh8 22. Ncxe5 Rae8 23. Rae1 Bh6 24. Qh4 Be3 25. Ng6+ Kg7 26. Nxf8 Rxf8 27. Qg3+ Kf7 28. Qe5 Qd7 29. Ng5+ Kg8 30. Qe6+ Qxe6 31. Nxe6 Rf6 32. Nf4 Kf8 33. c3 Rf7 34. cxd4 Bd2 35. Re2 Bb4 36. Ne6+ Kg8 37. Nd8 1-0

[Event "Provence-ch Principal 9596"]
[Site "France"]
[Date "1995.??.??"]
[Round "3"]
[White "Cherki, Thomas"]
[Black "Midoux, Sebastien"]
[Result "1-0"]
[WhiteElo "2080"]
[BlackElo "2140"]
[PlyCount "111"]
[EventDate "1995.??.??"]
[EventType "tourn"]
[EventRounds "9"]
[EventCountry "FRA"]
[SourceTitle "EXT 2005"]
[Source "ChessBase"]
[SourceDate "2004.11.15"]
[SourceVersion "1"]
[SourceVersionDate "2004.11.15"]
[SourceQuality "1"]

1. e4 e6 2. d3 d5 3. Nd2 Nf6 4. Ngf3 Nc6 5. g3 e5 6. h3 Bc5 7. Bg2 dxe4 8. dxe4 0-0 9. 0-0 b6 10. c3 a5 11. Re1 Ba6 12. Bf1 Bxf1 13. Kxf1 Qd7 14. Kg2 Rfd8 15. Qe2 Qc8 16. Nb3 Bd6 17. Bg5 Qe6 18. Nbd2 h6 19. Bxf6 Qxf6 20. Rad1 a4 21. Nc4 Bc5 22. Rd5 Bd6 23. Red1 Ne7 24. R5d2 Ng6 25. Nxd6 Rxd6 26. Rxd6 cxd6 27. Qb5 Qe6 28. a3 Qe8 29. Qxe8+ Rxe8 30. Rxd6 Rb8 31. Rd5 f6 32. Rb5 Nf8 33. Nd2 Nd7 34. Rb4 b5 35. c4 bxc4 36. Rxb8+ Nxb8 37. Nxc4 Nd7 38. Kf3 Kf8 39. Ke3 Ke7 40. f3 Kd8 41. Kd3 Kc7 42. Kc3 Kc6 43. Ne3 g6 44. Kb4 Nc5 45. Nd5 Nd3+ 46. Kxa4 Nxb2+ 47. Kb3 Nd3 48. Nxf6 Ne1 49. f4 exf4 50. gxf4 Nd3 51. Nd5 g5 52. fxg5 Nc5+ 53. Kc4 hxg5 54. Kd4 Nb3+ 55. Ke5 Nd2 56. Kf5 1-0

[Event "Provence-ch Principal 9596"]
[Site "France"]
[Date "1995.??.??"]
[Round "5"]
[White "Cherki, Thomas"]
[Black "Tomasi, Stephane"]
[Result "1-0"]
[WhiteElo "2080"]
[BlackElo "1750"]
[PlyCount "147"]
[EventDate "1995.??.??"]
[EventType "tourn"]
[EventRounds "9"]
[EventCountry "FRA"]
[SourceTitle "EXT 2005"]
[Source "ChessBase"]
[SourceDate "2004.11.15"]
[SourceVersion "1"]
[SourceVersionDate "2004.11.15"]
[SourceQuality "1"]

1. e4 Nf6 2. Nc3 d5 3. exd5 Nxd5 4. Bc4 Nb6 5. Bb3 Nc6 6. Qf3 e6 7. Nge2 Be7 8. d3 0-0 9. 0-0 Bd7 10. a3 a6 11. Re1 Ne5 12. Qg3 Ng6 13. Ne4 Bh4 14. Qe3 Nd5 15. Qd2 Bc6 16. Nd4 Bd7 17. Nc5 Bc8 18. Qe2 Kh8 19. Nf3 Be7 20. Ne4 h6 21. Bd2 b6 22. Nc3 Bb7 23. Nxd5 exd5 24. d4 Bd6 25. c3 Qf6 26. Bc2 Bc8 27. Qd3 a5 28. Qb5 Bf5 29. Bb3 Be4 30. Bxd5 Bxf3 31. Bxf3 Rad8 32. Re2 Nf4 33. Bxf4 Qxf4 34. Qh5 Rde8 35. g3 Qf6 36. Bg2 Re7 37. Rae1 Rfe8 38. h3 Rxe2 39. Rxe2 Rxe2 40. Qxe2 g6 41. Bd5 Kg7 42. Kg2 Qe7 43. Qxe7 Bxe7 44. f4 g5 45. f5 Bd6 46. Kf3 Kf6 47. b4 axb4 48. axb4 Kxf5 49. Bxf7 Be7 50. g4+ Kf6 51. Bb3 Bd6 52. Ke4 Bg3 53. b5 Be1 54. c4 Bb4 55. Kd5 Ke7 56. Bc2 Bc3 57. Bf5 Bb4 58. Kc6 Bc3 59. Kd5 Bb4 60. c5 bxc5 61. dxc5 Ba5 62. Kc6 Kf6 63. b6 cxb6 64. cxb6 Bc3 65. b7 Be5 66. Kd7 Bb8 67. Kc8 Ba7 68. b8Q Bxb8 69. Kxb8 Ke5 70. Kc7 Kf4 71. Bg6 Kg3 72. Kd6 Kxh3 73. Bh5 Kg3 74. Ke5 1-0

[Event "Provence-ch Principal 9596"]
[Site "France"]
[Date "1995.??.??"]
[Round "2"]
[White "Girard, Jean Pierre"]
[Black "Cherki, Thomas"]
[Result "0-1"]
[WhiteElo "1820"]
[BlackElo "2080"]
[PlyCount "50"]
[EventDate "1995.??.??"]
[EventType "tourn"]
[EventRounds "9"]
[EventCountry "FRA"]
[SourceTitle "EXT 2005"]
[Source "ChessBase"]
[SourceDate "2004.11.15"]
[SourceVersion "1"]
[SourceVersionDate "2004.11.15"]
[SourceQuality "1"]

1. e4 d6 2. d4 Nf6 3. Nc3 Nbd7 4. Nf3 e5 5. Bc4 Be7 6. Bb3 0-0 7. Bg5 c6 8. Qe2 Qa5 9. Bd2 Qc7 10. 0-0-0 b5 11. g4 a5 12. g5 Ne8 13. a4 b4 14. Nb1 c5 15. dxe5 Nxe5 16. Nxe5 dxe5 17. Rhg1 Nd6 18. g6 hxg6 19. Rxg6 c4 20. Rxg7+ Kxg7 21. Rg1+ Kf6 22. Bg5+ Ke6 23. Qg4+ f5 24. exf5+ Rxf5 25. Bxe7 cxb3 0-1

[Event "Provence-ch Majeur op 9495"]
[Site "France"]
[Date "1994.??.??"]
[Round "1"]
[White "Sebban, Jean Paul"]
[Black "Cherki, Thomas"]
[Result "1/2-1/2"]
[WhiteElo "2080"]
[BlackElo "1790"]
[PlyCount "70"]
[EventDate "1994.??.??"]
[EventType "swiss"]
[EventRounds "9"]
[EventCountry "FRA"]
[SourceTitle "EXT 2005"]
[Source "ChessBase"]
[SourceDate "2004.11.15"]
[SourceVersion "1"]
[SourceVersionDate "2004.11.15"]
[SourceQuality "1"]

1. d4 Nf6 2. c4 e6 3. Nf3 Bb4+ 4. Nbd2 0-0 5. a3 Bxd2+ 6. Bxd2 d6 7. Bf4 Re8 8. e3 h6 9. h3 Nbd7 10. Be2 Qe7 11. Qc2 e5 12. dxe5 Nxe5 13. Nxe5 dxe5 14. Bh2 Bd7 15. 0-0 Bc6 16. b4 Rad8 17. Rfd1 b6 18. Rxd8 Rxd8 19. Qc3 Re8 20. f3 Nd7 21. Rd1 f6 22. Rd2 Nf8 23. Bd1 Rd8 24. Bb3 Kh8 25. Rxd8 Qxd8 26. Bg3 Qd7 27. Be1 Ne6 28. Qd2 Qe7 29. Bc2 Be8 30. Qd3 Nf8 31. Bf2 Bg6 32. e4 Ne6 33. Be3 c5 34. Qd2 Bf7 35. Ba4 Nd4 1/2-1/2

[Event "Provence-ch access Meyreuil 9394"]
[Site "France"]
[Date "1993.??.??"]
[Round "8"]
[White "Cherki, Thomas"]
[Black "Cimolai, Jean"]
[Result "1/2-1/2"]
[WhiteElo "1850"]
[BlackElo "1930"]
[PlyCount "27"]
[EventDate "1993.??.??"]
[EventType "tourn"]
[EventRounds "9"]
[EventCountry "FRA"]
[SourceTitle "EXT 2005"]
[Source "ChessBase"]
[SourceDate "2004.11.15"]
[SourceVersion "1"]
[SourceVersionDate "2004.11.15"]
[SourceQuality "1"]

1. e4 Nf6 2. Nc3 d5 3. exd5 Nxd5 4. Bc4 c6 5. Qf3 Be6 6. Nge2 Qd6 7. Bb3 Nxc3 8. Qxc3 Nd7 9. d3 Bxb3 10. axb3 e5 11. 0-0 Be7 12. Be3 0-0 13. f4 Bf6 14. fxe5 1/2-1/2

[Event "Provence-ch access Meyreuil 9394"]
[Site "France"]
[Date "1993.??.??"]
[Round "2"]
[White "Gouiran, Serge"]
[Black "Cherki, Thomas"]
[Result "0-1"]
[WhiteElo "1640"]
[BlackElo "1850"]
[PlyCount "78"]
[EventDate "1993.??.??"]
[EventType "tourn"]
[EventRounds "9"]
[EventCountry "FRA"]
[SourceTitle "EXT 2005"]
[Source "ChessBase"]
[SourceDate "2004.11.15"]
[SourceVersion "1"]
[SourceVersionDate "2004.11.15"]
[SourceQuality "1"]

1. c4 e5 2. Nc3 d6 3. Nf3 Bg4 4. e3 Nd7 5. Be2 Be7 6. d4 Ngf6 7. 0-0 0-0 8. b3 c6 9. Bb2 Bxf3 10. Bxf3 Ne8 11. d5 c5 12. e4 a6 13. Bg4 Rb8 14. Be2 Nc7 15. Bg4 b5 16. cxb5 axb5 17. Bxd7 Qxd7 18. Ne2 f5 19. exf5 Qxf5 20. Ng3 Qf7 21. Bc1 Nxd5 22. Qd2 Nf4 23. Ne2 Nxe2+ 24. Qxe2 d5 25. Bb2 e4 26. f3 Qh5 27. Qe3 Bd6 28. f4 Rbe8 29. Be5 Qg6 30. a4 Bxe5 31. fxe5 d4 32. Qe2 Qe6 33. Qxb5 Qxe5 34. Qc4+ Kh8 35. a5 Rf6 36. Rxf6 gxf6 37. a6 e3 38. Qe2 d3 39. Qd1 e2 0-1

[Event "Provence-ch prom Meyreuil 9293"]
[Site "France"]
[Date "1992.??.??"]
[Round "5"]
[White "Garnier, Christian"]
[Black "Cherki, Thomas"]
[Result "0-1"]
[WhiteElo "1700"]
[BlackElo "1680"]
[PlyCount "84"]
[EventDate "1992.??.??"]
[EventType "tourn"]
[EventRounds "9"]
[EventCountry "FRA"]
[SourceTitle "EXT 2005"]
[Source "ChessBase"]
[SourceDate "2004.11.15"]
[SourceVersion "1"]
[SourceVersionDate "2004.11.15"]
[SourceQuality "1"]

1. c4 e5 2. Nc3 Nf6 3. g3 c6 4. Nf3 e4 5. Nd4 d5 6. cxd5 Qb6 7. Nb3 a5 8. a4 cxd5 9. Bg2 Nc6 10. 0-0 Bf5 11. d3 Rd8 12. Nb5 Be7 13. Be3 d4 14. Bf4 Rd7 15. Nd2 exd3 16. Nc4 Qd8 17. exd3 0-0 18. Re1 Nb4 19. Ne5 Rd5 20. g4 Rxe5 21. Bxe5 Nxg4 22. Nxd4 Qb6 23. Bxg7 Bh4 24. h3 Bxf2+ 25. Kh1 Bxd4 26. hxg4 Kxg7 27. Qf3 Qh6+ 28. Bh3 Be6 29. Kh2 Nc2 30. g5 Qxh3+ 31. Qxh3 Bxh3 32. Kxh3 Nxa1 33. Rxa1 Re8 34. Rd1 Bxb2 35. Rb1 Bc3 36. Rxb7 Re3+ 37. Kg4 Rxd3 38. Kf5 Rd5+ 39. Kg4 Rd4+ 40. Kh5 Be1 41. g6 hxg6+ 42. Kg5 Bh4# 0-1